Box office 2002 par images restreintes - Statistiques

Statistiques générales
  • Ce quiz a été pris 273 fois
  • Le résultat moyen est 8 sur 12
Statistiques - réponses
Par images Réponse % Correct
Harry Potter et la Chambre des secrets
100%
Spider-Man
99%
Star Wars, épisode II : L'Attaque des clones
99%
Astérix et Obélix : Mission Cléopâtre
96%
Le Seigneur des anneaux : Les Deux Tours
95%
Men in Black II
95%
Monstres & Cie
80%
Minority Report
34%
Ocean's Eleven
32%
Le Boulet
20%
8 Femmes
18%
Meurs un autre jour
8%
Aucun quiz correspondant
Distribution des résultats
% des personnes avec chaque résultat
Percentile par nombre de réponses
Votre historique - résultats
Vous n’avez pas pris ce quiz